Quizzes
Events
Quiz Creation
Community
Videos
Private Events
Remove Ads
Sign In
Join for FREE
Feedback
Dark Mode
Quiz Categories
Sports
Geography
Music
Movies
Television
Just For Fun
Miscellaneous
History
Literature
Language
Science
Gaming
Entertainment
Religion
Holiday
For Kids
Quiz Lab
Recent
Popular Today
Quiz Kudos Today
Editor Picks
Curator Picks
Quizzes by...
Day
Popularity
Type
Ratings
Length
Year
Community
Subscriptions
Recent Discussions
Orange Saloon
Badges
Playlists
Quests
Create
Leaderboards
Showdown
Live 5
Trivia Bingo
Activity
Puzzle Library
Sporcle Events
Private Events
Virtual Trivia
Globe League
Become a Host
Pub Owners
SporcleCon
Opinionation
Our Games
Videos
Blog
Mobile Apps
Partnerships
Remove Ads and Go Orange
Feedback
Sports
Athletes
MLB
NBA
NHL
NFL
Soccer
Sports Teams
WWE
NCAA
Football
Premier League
Basketball
Baseball
Hockey
Golf
Tennis
Cricket
Rugby
Auto Racing
Olympics
World Cup
Sports
Athletes
MLB
NBA
NHL
NFL
Soccer
Sports Teams
WWE
NCAA
Football
Premier League
Basketball
Baseball
Hockey
Golf
Tennis
Cricket
Rugby
Auto Racing
Olympics
World Cup
Random Quiz
Search Sporcle
×
Quiz Lab
Quiz Lab
Sports
Salary
Type in answers that appear in a list
Type in answers that appear in a list
Classic
Best Score? Go Orange.
Name The Top 50 Highest-Paid Athletes (2015)? Stats
Can You Name The Top 50 Highest-Paid Athletes (2015)?
By
TheSMan1253
10m
50 Questions
159 Plays
159 Plays
159 Plays
Comments
Comments
Give Quiz Kudos
Give Quiz Kudos
-
- Ratings
hide this ad
Replay
Link that replays current quiz
Next Quiz
Link to next quiz in quiz playlist
You Got
0%
They Got
Avg Score
43%
Avg Friend Score
Upgrade to see
Score Distribution
Jump to the score distribution portion of the page
Score
0/50
Timer
10:00
0
Plays Today
Sport
Athlete
% Correct
Basketball
LeBron James
94.3%
Boxing
Floyd Mayweather
92.5%
Soccer
Cristiano Ronaldo
91.2%
Soccer
Lionel Messi
90.6%
Tennis
Roger Federer
90.6%
Golf
Tiger Woods
86.8%
Basketball
Kobe Bryant
81.8%
Tennis
Rafael Nadal
76.1%
Football
Peyton Manning
75.5%
Tennis
Serena Williams
67.9%
Basketball
Kevin Durant
67.3%
Tennis
Novak Djokovic
66.7%
Boxing
Manny Pacquiao
62.9%
Basketball
Dwyane Wade
61.6%
Golf
Phil Mickelson
60.4%
Soccer
James Rodriguez
59.7%
Basketball
Joe Johnson
53.5%
Soccer
Wayne Rooney
50.9%
Golf
Rory McIlroy
49.7%
Soccer
Neymar
46.5%
Racing
Lewis Hamilton
45.9%
Basketball
Carmelo Anthony
45.3%
Basketball
Dwight Howard
44%
Baseball
Ryan Howard
43.4%
Basketball
Chris Paul
39.6%
Sport
Athlete
% Correct
Tennis
Maria Sharapova
38.4%
Soccer
Zlatan Ibrahimovic
37.7%
Basketball
Blake Griffin
37.1%
Baseball
Clayton Kershaw
33.3%
Soccer
Gareth Bale
32.7%
Basketball
Derrick Rose
32.7%
Football
J.J. Watt
31.4%
Baseball
Albert Pujols
30.8%
Racing
Fernando Alonso
23.9%
Baseball
Miguel Cabrera
23.9%
Football
Ben Roethlisberger
23.3%
Racing
Sebastian Vettel
22.6%
Baseball
CC Sabathia
22%
Football
Ndamukong Suh
19.5%
Basketball
Amar'e Stoudemire
15.1%
Baseball
Jon Lester
13.8%
Baseball
Prince Fielder
13.8%
Football
Carson Palmer
13.2%
Baseball
Cliff Lee
11.9%
Baseball
Robinson Cano
10.7%
Cricket
Mahendra Singh Dhoni
9.4%
Racing
Kimi Raikkonen
9.4%
Soccer
Radamel Falcao
7.5%
Baseball
Joe Mauer
6.9%
Football
Gerald McCoy
5%
Quiz Playlist
Details
Report
Send in Message
Add To Playlist
Classic:
Type in answers that appear in a list
Last Updated: Feb 16, 2017
Quiz Scoreboard
CHALLENGE
Sign Up to Join the Scoreboard
Show All
Scores
Hide
Comments
May contain spoilers
Recently Published
9x9 Crossword: Cartoon Network
by jackfrog10
Miscellaneous
3m
College Basketball Coaching Resumes
by pancakes188
Sports
9m
Billboard Blitz: Fleetwood Mac
by CooCooCachoo
Music
15s
More to Explore
Quiz From the Vault
Featured Blog Post
Where Did the Easter Bunny Come From?
hide this ad
You Might Also Like...
Tags
2015
endorsement
Highest Paid
Pay
Salary
Top 50
Today's Top Quizzes in Sports
Browse Sports
hide this ad
Today's Top Quizzes in Salary
Browse Salary
Top Contributed Quizzes in Sports
1
2022 World Cup Stars
2
Les meilleurs buteurs des matchs entre le PSG et l’OM
3
FIFA Club World Cup Champions
4
Les entraîneurs de l'OM et du PSG au 21e siècle
5
Criteria MLB: Left Handed Sluggers
6
AFC Teams Reveal (Wrong Answers Minefield)
7
2023 MLB Unique Player Accomplishments
8
5-to-1: FBS Animal Nicknames
9
Players with Multiple 50 Home Run Seasons
10
5-to-1: UK Sports Teams
Explore More
Trending Topics
NBA
Anime
Disney
Marvel
Crossword
Harry Potter
Kpop
Soccer
Pokémon
WWE
NFL
Country
The Office
Song
Puzzle
hide this ad
More By:
TheSMan1253
Quiz
Plays
Rating
Category
Featured
Created
Name The Sports Teams With The Letter V?
6,092
4.57
Sports
Mar 16, 2016
Top 100 NBA Players (2016)
3,219
1.75
Sports
Mar 11, 2016
Name the Top 10 NBA Players of Each Position (15-16)?
1,147
1.80
Sports
Mar 12, 2016
Name The Top 10 NBA Leaders In Major Stats?
1,113
3.00
Sports
Mar 16, 2016
Name the Top 25 3-Point Shooters of All time?
821
2.00
Sports
Mar 14, 2016
Go to Creator's Profile
Score Distribution
Quiz Creator Spotlight
TheSMan1253
Follow
Send a Message
Quizzes Created
-
Created Quiz Play Count
-
More By This Creator
Popular Quizzes Today
1
Find the US States - No Outlines Minefield
2
Find the Countries of Europe - No Outlines Minefield
3
The Countries of the World
4
Find the US States
5
Risky Map Clicking: Biggest States A-Z
6
US States
7
Popular People in 1961
8
Movies - When Are They Set?
More Sports Quizzes
2019-21 ICC World Test Championship Top 10s
Quiz Lab
Trending Quizzes
Risky Map Clicking: Least Populous States A-Z
1-10 Letter G Words
1-10 Letter F Words
Risky Map Clicking: Next State Alphabetically
Adjectives in 80s TV Shows
Recently Updated
Leaping Animals
pecheneg
Reality TV Shows (A-Z)
bhenderson79
Rickey Henderson's Hall of Fame Teammates
pecheneg
Champions League XIs: Arsenal
pecheneg
Quick Pick: Celebrities in WWE's Hall of Fame
aduchscher
A-Z Keypad Blitz II
pecheneg
Multiple Oscar Actors
pecheneg
Mystery Phrase Blitz: Oscar 'Best Actors'
pecheneg
F. Scott Fitzgerald Novels
LTH
Pick 3 Villains
ddd62291
Trending Topics
Marvel
NBA
Anime
Harry Potter
Kpop
Disney
Crossword
NFL
Country
The Office
Soccer
Pokémon
Song
Puzzle
WWE
Your Account Isn't Verified!
In order to create a playlist on Sporcle, you need to verify the email address you used during registration. Go to your
Sporcle Settings
to finish the process.
Report this User
Report this user for behavior that violates our
Community Guidelines
.
Details:
Send Report
Go to the Sporcle.com Mobile Site →
Comments